Normal view
MARC view
Entry Personal Name
001 - CONTROL NUMBER
- control field: 43636
003 - CONTROL NUMBER IDENTIFIER
- control field: dpl
005 - DATE AND TIME OF LATEST TRANSACTION
- control field: 20120309121348.0
008 - FIXED-LENGTH DATA ELEMENTS
- fixed length control field: 120309|||a|||||| | ||| d
040 ## - CATALOGING SOURCE
- Original cataloging agency: dpl
- Transcribing agency: dpl
100 ## - HEADING--PERSONAL NAME
- Personal name: पाठक, शोभानाथ
670 ## - SOURCE DATA FOUND
- Source citation: Work cat.: (dpl): पाठक, शोभानाथ , भगवान महावीर /, 1984
670 ## - SOURCE DATA FOUND
- Source citation: Work cat.: (dpl): पाठक, शोभानाथ , भगवान महावीर /, 1984
